000 00241nam a2200097Ia 4500
001 815010
005 20250826171648.0
008 250824s9999 xx 000 0 und d
245 0 _aDOĞAL EBEVEYNLİK
_cADEM GÜNEŞ
260 _bTİMAŞ YAYINLARI
999 _c815010
_d815010